| 000 | 00677nam a2200205Ii 4500 | ||
|---|---|---|---|
| 003 | JO-AjNU | ||
| 008 | 230605s9999||||xx |||||||||||||| ||und|| | ||
| 040 |
_aJO-AjNU _bara _erda _cJO-AjNU |
||
| 041 | _aara | ||
| 050 | 1 | 4 | _aAC9.A5.1990 |
| 100 | 3 |
_aالعلمي،شريف, _eauthor _924425 |
|
| 245 | 0 | 0 | _aسين..جيم، ج5 |
| 250 | _aط17 | ||
| 264 | 3 | 1 | _aبيروت:شركة المطبوعات للتوزيع والنشر ،1990 |
| 300 |
_aج5، 865-1120ص _bصور توضيحية |
||
| 336 |
_atext _btxt _2rdacontent |
||
| 337 |
_aunmediated _bn _2rdamedia |
||
| 338 |
_avolume _bnc _2rdacarrier |
||
| 650 | 4 |
_a معارف عامة -- أسئلة و أجوبة _924426 |
|
| 999 |
_aA8991 _c12559 _d12559 |
||